| 000 | 00498nam a22001697a 4500 | ||
|---|---|---|---|
| 999 |
_c526078 _d526078 |
||
| 003 | NUST | ||
| 020 | _qH/B | ||
| 038 | _awaseem | ||
| 082 |
_a891.439092 _bTAB |
||
| 100 |
_aTabasum, Haroon ul Rasheed _917045 |
||
| 245 |
_aMeray Ehad Kay, Ehad Saaz / _cHaroon ul Rasheed Tabasum |
||
| 260 |
_aLahore : _bAl Qamar Enterprises, _c2004. |
||
| 300 | _a304 p. ; | ||
| 880 |
_6100-01\r _aہارون الرشید تبسم |
||
| 880 |
_6245-02\r _aمیرے عید کے، عہد ساز / |
||
| 942 |
_2ddc _cBK |
||